[Event "Nationale I"]
[Site "Agen"]
[Date "2012.01.15"]
[Round "7.7"]
[White "De Lussac, Maxence"]
[Black "Pokee, Anne Josephe"]
[Result "1-0"]
[WhiteElo "1884"]
[BlackElo "1970"]
[PlyCount "59"]
[EventDate "2012.01.14"]
[EventType "match"]
[EventCountry "FRA"]
[SourceDate "2011.11.20"]
[WhiteTeam "La Membrolle Choisille"]
[BlackTeam "Loures barousses"]

1. e4 d5 2. exd5 Nf6 3. d4 Bg4 4. Nf3 Nxd5 5. c4 Nf6 6. h3 Bxf3 7. Qxf3 c6 8.
Be3 Nbd7 9. Nc3 e5 10. dxe5 Nxe5 11. Qf5 Bd6 12. c5 g6 13. Qc2 Be7 14. Be2 O-O
15. O-O Qa5 16. a3 Rfd8 17. b4 Qc7 18. f4 Ned7 19. Bc4 b6 20. f5 bxc5 21. fxg6
Ne5 22. gxf7+ Kh8 23. Ne4 Nxc4 24. Qxc4 Qe5 25. Bf4 Qxe4 26. Qxe4 Nxe4 27. Be5+
Nf6 28. Rxf6 Rd5 29. Re6+ Rxe5 30. Rxe5 1-0

[Event "Nationale I"]
[Site "Agen"]
[Date "2012.02.15"]
[Round "7.8"]
[White "Oriot, Patrice"]
[Black "Saucey, Capucine"]
[Result "0-1"]
[WhiteElo "1954"]
[BlackElo "1872"]
[PlyCount "78"]
[EventDate "2012.01.14"]
[EventType "match"]
[EventCountry "FRA"]
[SourceDate "2011.11.20"]
[WhiteTeam "Loures barousses"]
[BlackTeam "La Membrolle Choisille"]

1. e4 e5 2. Nf3 Nc6 3. Bb5 a6 4. Ba4 Nf6 5. O-O Be7 6. Re1 b5 7. Bb3 O-O 8. a4
Bb7 9. d3 d6 10. Nbd2 h6 11. Nf1 Kh7 12. c3 Ng8 13. d4 Bf6 14. Ne3 Nce7 15. Bc2
Kh8 16. h4 Ng6 17. g3 Re8 18. h5 Nf8 19. axb5 exd4 20. Nxd4 Bxd4 21. cxd4 Bxe4
22. Bxe4 Rxe4 23. bxa6 Ne6 24. Nf5 Rxe1+ 25. Qxe1 Qf6 26. Qe4 Ra7 27. Be3 Ng5
28. Bxg5 Qxg5 29. d5 Ra8 30. Ne3 Qxh5 31. Kg2 Qe2 32. Qd4 Nf6 33. a7 Qb5 34. b4
Nd7 35. Ra5 Qe2 36. Nf5 Ne5 37. Qe3 Qc4 38. Qd4 Qe2 39. Qe3 Qc4 0-1

[Event "Nationale I "]
[Site "Paris"]
[Date "2012.01.14"]
[Round "6.1"]
[White "Regoli, Stephane"]
[Black "Lagarde, Maxime"]
[Result "0-1"]
[WhiteElo "2259"]
[BlackElo "2483"]
[PlyCount "82"]
[EventDate "2012.01.15"]
[EventType "match"]
[EventCountry "FRA"]
[SourceDate "2011.11.20"]
[WhiteTeam "JEEN"]
[BlackTeam "Clichy"]

1. e4 c5 2. Nf3 d6 3. Bb5+ Nc6 4. O-O Bd7 5. Re1 Nf6 6. c3 a6 7. Bf1 Bg4 8. d4
cxd4 9. cxd4 d5 10. e5 Ne4 11. Nc3 Nxc3 12. bxc3 e6 13. h3 Bh5 14. Qb3 Bxf3 15.
gxf3 Na5 16. Qa4+ b5 17. Qd1 Qc7 18. a4 b4 19. cxb4 Bxb4 20. Re3 O-O 21. Ba3
Bxa3 22. Raxa3 Qb6 23. Rac3 Rab8 24. f4 f5 25. Kg2 Nc6 26. Rc5 Ne7 27. Qe2 Ng6
28. Qxa6 Nxf4+ 29. Kf3 Qb4 30. Rc7 Qxd4 31. Qa7 Qxa7 32. Rxa7 d4 33. Re1 g5 34.
Kg3 Rb3+ 35. Kh2 Rf7 36. Rxf7 Kxf7 37. Ra1 Rb7 38. a5 Ra7 39. Bc4 Ng6 40. a6
Nxe5 41. Rb1 Kf6 0-1

[Event "Nationale I "]
[Site "Paris"]
[Date "2012.01.14"]
[Round "6.2"]
[White "Mullon, Jean Baptiste"]
[Black "Jablonski, Noham"]
[Result "1/2-1/2"]
[WhiteElo "2412"]
[BlackElo "2275"]
[PlyCount "97"]
[EventDate "2012.01.15"]
[EventType "match"]
[EventCountry "FRA"]
[SourceDate "2011.11.20"]
[WhiteTeam "Clichy"]
[BlackTeam "JEEN"]

1. e4 c5 2. Nf3 e6 3. d4 cxd4 4. Nxd4 a6 5. Nc3 Qc7 6. Bd3 Nc6 7. Nxc6 dxc6 8.
O-O e5 9. f4 Bc5+ 10. Kh1 Nf6 11. f5 h6 12. Qf3 b5 13. a4 Bb7 14. Bd2 O-O-O 15.
Ne2 b4 16. a5 Be7 17. Be1 c5 18. b3 Qc6 19. Bh4 Rhe8 20. Ng3 Rd4 21. Rfe1 Bd8
22. Re2 Kb8 23. h3 Nh7 24. Bxd8 Rexd8 25. Qg4 g6 26. Bc4 Rd1+ 27. Rxd1 Rxd1+
28. Kh2 h5 29. Qh4 Qd7 30. Rf2 Qd4 31. Ne2 Qxe4 32. Qxe4 Bxe4 33. fxg6 fxg6 34.
Ng3 Bb7 35. Re2 Nf6 36. Rxe5 Rd2 37. Re2 Rxe2 38. Nxe2 Nd7 39. Nf4 Ne5 40. Nd3
Nxd3 41. Bxd3 g5 42. h4 gxh4 43. Kh3 Kc7 44. Bf1 Be4 45. Bxa6 Bxc2 46. Bc4 Be4
47. Kxh4 Bxg2 48. Kxh5 Kc6 49. a6 $11 1/2-1/2

[Event "Nationale I "]
[Site "Paris"]
[Date "2012.01.14"]
[Round "6.3"]
[White "Dicko, Henri"]
[Black "Beudaert, Xavier"]
[Result "1-0"]
[WhiteElo "2112"]
[BlackElo "2333"]
[PlyCount "81"]
[EventDate "2012.01.15"]
[EventType "match"]
[EventCountry "FRA"]
[SourceDate "2011.11.20"]
[WhiteTeam "JEEN"]
[BlackTeam "Clichy"]

1. b3 e5 2. Bb2 Nc6 3. e3 Nf6 4. Bb5 d6 5. Nf3 Be7 6. d4 exd4 7. exd4 a6 8. Bd3
Bg4 9. h3 Bh5 10. a3 d5 11. Nbd2 Qd7 12. g4 Bg6 13. Ne5 Qe6 14. Qe2 Bxd3 15.
Qxd3 Nd7 16. O-O-O O-O-O 17. f4 h5 18. g5 Ncxe5 19. dxe5 Nc5 20. Qe3 Kb8 21.
Nf3 Ne4 22. Nd4 Qb6 23. Rhe1 g6 24. h4 Qa5 25. b4 Qb6 26. c4 c5 27. Nc2 dxc4
28. Qxe4 cxb4 29. axb4 Bxb4 30. Nxb4 Qxb4 31. e6 Rhe8 32. Rxd8+ Rxd8 33. e7 Re8
34. Qe5+ Ka8 35. Qc3 Qb6 36. Qd4 Qa5 37. Re5 Qc7 38. Ba3 b5 39. Rd5 Qa5 40.
Rd8+ Kb7 41. Qd5+ 1-0

[Event "Nationale I "]
[Site "Paris"]
[Date "2012.01.14"]
[Round "6.4"]
[White "Sorbe, Stephane"]
[Black "Bekkat, Azzedine"]
[Result "1-0"]
[WhiteElo "2349"]
[BlackElo "2202"]
[PlyCount "71"]
[EventDate "2012.01.15"]
[EventType "match"]
[EventCountry "FRA"]
[SourceDate "2011.11.20"]
[WhiteTeam "Clichy"]
[BlackTeam "JEEN"]

1. e4 c5 2. Nc3 d6 3. g3 Nf6 4. Bg2 g6 5. d3 Bg7 6. f4 Nc6 7. Nf3 O-O 8. O-O
Bd7 9. h3 Rb8 10. g4 b5 11. Ne2 Qc7 12. Ng3 Ne8 13. Rb1 Qa5 14. a3 b4 15. axb4
Qxb4 16. Kh1 Qa5 17. b3 Nc7 18. Bb2 Bxb2 19. Rxb2 Nb5 20. f5 Ncd4 21. Qc1 Nxf3
22. Bxf3 Qc3 23. Ra2 Bc6 24. Ne2 Qe5 25. c3 Rb6 26. Qd2 a6 27. d4 cxd4 28. cxd4
Qg7 29. Rc1 Rfb8 30. Rac2 Bd7 31. e5 Rd8 32. Qf4 Rbb8 33. Qe3 dxe5 34. dxe5
Rbc8 35. Nd4 Nxd4 36. Qxd4 1-0

[Event "Nationale I "]
[Site "Paris"]
[Date "2012.01.14"]
[Round "6.5"]
[White "Yordanov, Nikolay"]
[Black "Silva, Sebastian"]
[Result "1/2-1/2"]
[WhiteElo "2212"]
[BlackElo "2327"]
[PlyCount "81"]
[EventDate "2012.01.15"]
[EventType "match"]
[EventCountry "FRA"]
[SourceDate "2011.11.20"]
[WhiteTeam "JEEN"]
[BlackTeam "Clichy"]

1. e4 c5 2. Nc3 Nc6 3. f4 d6 4. Bc4 g6 5. d3 Bg7 6. Nf3 e6 7. a4 Nge7 8. Ba2 a6
9. O-O O-O 10. Ne2 b5 11. c3 b4 12. g4 d5 13. e5 bxc3 14. bxc3 f6 15. d4 cxd4
16. cxd4 fxe5 17. fxe5 a5 18. Ng5 h6 19. Nf3 Ba6 20. Be3 Nb4 21. Bb1 Rf7 22.
Nh4 Rxf1+ 23. Qxf1 Rc8 24. Qf3 Nc2 25. Bxc2 Rxc2 26. Nf4 Qb6 27. Nhxg6 Nxg6 28.
Nxg6 Qb2 29. Re1 Bd3 30. Ne7+ Kh7 31. Bf2 Rxf2 32. Qxf2 Qb4 33. Nf5 exf5 34.
gxf5 Bf8 35. f6 Be4 36. Rxe4 dxe4 37. Qf5+ Kh8 38. Qxe4 Qd2 39. h4 h5 40. e6
Bh6 41. Qa8+ 1/2-1/2

[Event "Nationale I "]
[Site "Paris"]
[Date "2012.01.14"]
[Round "6.6"]
[White "Daurelle, Herve"]
[Black "Mehaibia, Azzedine"]
[Result "1-0"]
[WhiteElo "2148"]
[BlackElo "2067"]
[PlyCount "63"]
[EventDate "2012.01.15"]
[EventType "match"]
[EventCountry "FRA"]
[SourceDate "2011.11.20"]
[WhiteTeam "Clichy"]
[BlackTeam "JEEN"]

1. e4 c5 2. Nf3 Nc6 3. d4 cxd4 4. Nxd4 e5 5. Nb5 a6 6. Nd6+ Bxd6 7. Qxd6 Qf6 8.
Qc7 Nge7 9. Nc3 Nd4 10. Bd3 O-O 11. Be3 d6 12. O-O Ng6 13. Bxd4 exd4 14. Nd5
Qh4 15. Qxd6 Be6 16. Qg3 Qh6 17. Rad1 Bxd5 18. exd5 Nf4 19. Qf3 Rad8 20. Bc4
Rd6 21. Rxd4 Rf6 22. Rfd1 Rd8 23. Bf1 g5 24. g4 Qg7 25. h4 h5 26. Qg3 Rf5 27.
c4 Kh8 28. hxg5 Ng6 29. f4 f6 30. Bd3 Ne7 31. Qh3 fxg5 32. Bxf5 1-0

[Event "Nationale I "]
[Site "Paris"]
[Date "2012.01.14"]
[Round "6.7"]
[White "Benbara, Brahim"]
[Black "Coste, Thierry"]
[Result "0-1"]
[WhiteElo "2158"]
[BlackElo "2064"]
[PlyCount "60"]
[EventDate "2012.01.15"]
[EventType "match"]
[EventCountry "FRA"]
[SourceDate "2011.11.20"]
[WhiteTeam "JEEN"]
[BlackTeam "Clichy"]

1. f4 e6 2. Nf3 c5 3. b3 Nf6 4. Bb2 Be7 5. e3 O-O 6. Bd3 d5 7. O-O Ne4 8. g4
Nc6 9. Nc3 Nxc3 10. dxc3 c4 11. bxc4 dxc4 12. Bxc4 Qb6 13. Bc1 Bf6 14. Nd4 e5
15. g5 Be7 16. fxe5 Nxe5 17. Bb3 Bg4 18. Qe1 Rac8 19. Qg3 Bd6 20. Rf4 Bd7 21.
Qe1 Qc5 22. Bd2 Ng6 23. Rf2 Qxg5+ 24. Rg2 Qh5 25. Qf2 Nh4 26. Rxg7+ Kxg7 27.
Kh1 Be5 28. Rg1+ Kh8 29. e4 Rg8 30. Rf1 Rg2 0-1

[Event "Nationale I "]
[Site "Paris"]
[Date "2012.03.15"]
[Round "7.1"]
[White "Roser, Kevin"]
[Black "Jablonski, Noham"]
[Result "1/2-1/2"]
[WhiteElo "2443"]
[BlackElo "2274"]
[PlyCount "143"]
[EventDate "2012.01.15"]
[EventType "match"]
[EventCountry "FRA"]
[SourceDate "2011.11.20"]
[WhiteTeam "Issy Moulineaux"]
[BlackTeam "JEEN"]

1. e4 c5 2. Nf3 e6 3. d4 cxd4 4. Nxd4 a6 5. Bd3 d6 6. O-O Nf6 7. c4 Be7 8. Nc3
O-O 9. Be3 Qc7 10. f4 Nc6 11. Nxc6 bxc6 12. Qf3 e5 13. f5 Rb8 14. b3 a5 15.
Rac1 Rd8 16. Kh1 Ba6 17. Rfd1 Qb7 18. g4 d5 19. cxd5 cxd5 20. Bxa6 Qxa6 21.
exd5 h6 22. g5 hxg5 23. Bxg5 Nxd5 24. Nxd5 Bxg5 25. Rc4 Rbc8 26. Rg4 Qh6 27. f6
Rxd5 28. Qxd5 Bxf6 29. Qe4 Qh3 30. Qf5 Rc3 31. Rf1 Kf8 32. Ra4 Qxf5 33. Rxf5
Rc5 34. Kg2 Ke7 35. Rf3 Kd6 36. Rd3+ Kc6 37. Kf3 Bg5 38. Rg4 f5 39. Rxg5 e4+
40. Ke3 exd3 41. Kxd3 f4 42. h4 f3 43. Rxg7 f2 44. Rg6+ Kb7 45. Rf6 Rh5 46.
Rxf2 Rxh4 47. Kc3 Kb6 48. Rf6+ Kc5 49. Rf5+ Kb6 50. Rd5 Rg4 51. Rd4 Rg2 52. a3
Kc5 53. Rc4+ Kb5 54. a4+ Kb6 55. Rf4 Rg6 56. Rf5 Rg4 57. Rb5+ Ka6 58. Rd5 Kb6
59. Rd6+ Kb7 60. Rd4 Rg6 61. Kc4 Kb6 62. Re4 Rh6 63. Kd5 Rh5+ 64. Kd4 Rh6 65.
Re5 Rg6 66. Kd5 Rh6 67. Re6+ Rxe6 68. Kxe6 Kc6 69. Ke7 Kc7 70. Ke6 Kc6 71. Ke7
Kc7 72. Ke6 1/2-1/2

[Event "Nationale I "]
[Site "Paris"]
[Date "2012.01.15"]
[Round "7.2"]
[White "Bekkat, Azzedine"]
[Black "Piankov, Evgenij"]
[Result "1/2-1/2"]
[WhiteElo "2202"]
[BlackElo "2362"]
[PlyCount "76"]
[EventDate "2012.01.15"]
[EventType "match"]
[EventCountry "FRA"]
[SourceDate "2011.11.20"]
[WhiteTeam "JEEN"]
[BlackTeam "Issy Moulineaux"]

1. d4 d5 2. c4 c6 3. cxd5 cxd5 4. Nc3 Nc6 5. Nf3 Nf6 6. Bf4 e6 7. e3 Bd6 8.
Bxd6 Qxd6 9. Bd3 O-O 10. O-O a6 11. Rc1 Rd8 12. h3 h6 13. Qe2 e5 14. dxe5 Nxe5
15. Nxe5 Qxe5 16. Rfd1 b5 17. Rd2 Be6 18. Rcd1 Re8 19. Qf3 Rab8 20. Bc2 Ne4 21.
Bxe4 dxe4 22. Qxe4 Qxe4 23. Nxe4 Bxa2 24. Nc5 Rbc8 25. b4 Be6 26. Nxa6 Rc4 27.
Rd4 Kf8 28. Rxc4 Bxc4 29. Nc5 Ra8 30. Nd7+ Ke7 31. Nc5 Ra2 32. Rd7+ Ke8 33. Rd4
Rb2 34. Na6 Ke7 35. g4 Ra2 36. Nc5 Rb2 37. Na6 Ra2 38. Nc5 Rb2 1/2-1/2

[Event "Nationale I "]
[Site "Paris"]
[Date "2012.01.15"]
[Round "7.3"]
[White "Cotonnec, Melkior"]
[Black "Iordanov, Nikolay"]
[Result "1/2-1/2"]
[WhiteElo "2334"]
[BlackElo "2210"]
[PlyCount "95"]
[EventDate "2012.01.15"]
[EventType "match"]
[EventCountry "FRA"]
[SourceDate "2011.11.20"]
[WhiteTeam "Issy Moulineaux"]
[BlackTeam "JEEN"]

1. d4 d5 2. Nf3 Nf6 3. e3 e6 4. Bd3 b6 5. O-O Bb7 6. c4 Bd6 7. Nc3 O-O 8. Re1
Nbd7 9. e4 Nxe4 10. Nxe4 dxe4 11. Bxe4 Bxe4 12. Rxe4 Nf6 13. Rh4 c5 14. b3 Qe7
15. Bb2 h6 16. Qe2 cxd4 17. Nxd4 Qb7 18. Nf5 exf5 19. Bxf6 Rfe8 20. Qd2 Re6 21.
Bc3 Rae8 22. Rd1 Qe7 23. Rh3 Re2 24. Qd3 Bc5 25. Rf3 Qe4 26. h3 Qxd3 27. Rdxd3
g6 28. a4 a5 29. g3 R8e6 30. Kf1 Kf8 31. Rd2 Rxd2 32. Bxd2 h5 33. Rd3 Ke7 34.
Bg5+ f6 35. Bf4 g5 36. Bc7 Rc6 37. Bd8+ Ke6 38. Ke2 Rc8 39. Kf3 g4+ 40. hxg4
fxg4+ 41. Ke2 Rc6 42. Rd5 f5 43. f4 $11 Rd6 44. Re5+ Kd7 45. Be7 Re6 46. Rxe6
Kxe6 47. Bxc5 bxc5 48. Kf2 1/2-1/2

[Event "Nationale I "]
[Site "Paris"]
[Date "2012.01.15"]
[Round "7.4"]
[White "Regoli, Stephane"]
[Black "Geffroy, Laurent"]
[Result "0-1"]
[WhiteElo "2259"]
[BlackElo "2235"]
[PlyCount "78"]
[EventDate "2012.01.15"]
[EventType "match"]
[EventCountry "FRA"]
[SourceDate "2011.11.20"]
[WhiteTeam "JEEN"]
[BlackTeam "Issy Moulineaux"]

1. e4 e6 2. d3 d5 3. Qe2 Nc6 4. Nf3 dxe4 5. dxe4 e5 6. g3 Nf6 7. Bg2 Bc5 8. O-O
O-O 9. c3 a5 10. Qb5 Nxe4 11. Nxe5 Nxe5 12. Bxe4 Qe7 13. Bf4 Bh3 14. Bg2 Bxg2
15. Kxg2 Ng6 16. Nd2 Nxf4+ 17. gxf4 c6 18. Qc4 Bd6 19. Rg1 Qh4 20. Kf3 Rad8 21.
Rg4 Qh3+ 22. Rg3 Qf5 23. Rag1 g6 24. Nf1 b5 25. Qe4 Qxe4+ 26. Kxe4 Rfe8+ 27.
Kf3 f5 28. Rh3 Re4 29. Rh4 Be7 30. Rh3 Rd3+ 31. Ne3 Bc5 32. Ke2 Rd7 33. Kf3
Bxe3 34. fxe3 Rd2 35. Rhg3 Rxb2 36. R3g2 Rxg2 37. Kxg2 Rc4 38. Rd1 Rxc3 39. Rd7
a4 0-1

[Event "Nationale I "]
[Site "Paris"]
[Date "2012.01.15"]
[Round "7.5"]
[White "Wittmann, Marc"]
[Black "Dicko, Henri"]
[Result "1/2-1/2"]
[WhiteElo "2213"]
[BlackElo "2112"]
[PlyCount "91"]
[EventDate "2012.01.15"]
[EventType "match"]
[EventCountry "FRA"]
[SourceDate "2011.11.20"]
[WhiteTeam "Issy Moulineaux"]
[BlackTeam "JEEN"]

1. e4 e5 2. Nf3 Nc6 3. Bc4 Nf6 4. d3 Be7 5. c3 O-O 6. b4 d5 7. exd5 Nxd5 8. O-O
Bf6 9. Bg5 Bxg5 10. Nxg5 Nf4 11. Nf3 Qf6 12. Ne1 Bf5 13. Qf3 Qg6 14. Kh1 Rad8
15. Na3 Rd7 16. d4 Qg5 17. Qg3 Qh6 18. b5 Ne7 19. Nf3 e4 20. Ne5 Rd6 21. Nc2
Neg6 22. Ne3 Bc8 23. N3g4 Qg5 24. Rae1 h5 25. Nxf7 Rxf7 26. Ne5 Nxe5 27. Qxg5
Nxc4 28. Rxe4 Rf5 29. Re8+ Kh7 30. Qh4 Bd7 31. Re3 Nxe3 32. fxe3 Ng6 33. Qe1
Rxf1+ 34. Qxf1 Rf6 35. Qe2 Bg4 36. Qe1 Bf5 37. Qe2 Bg4 38. Qe1 Bf5 39. Qe2 Kh6
40. Kg1 Be4 41. g3 Nh8 42. Qc4 Nf7 43. h4 c6 44. bxc6 bxc6 45. Qc5 a6 46. Qe7
$11 1/2-1/2

[Event "Nationale I "]
[Site "Paris"]
[Date "2012.01.15"]
[Round "7.6"]
[White "Mehaibia, Azzedine"]
[Black "Emmenecker, Philippe"]
[Result "0-1"]
[WhiteElo "2067"]
[BlackElo "2197"]
[PlyCount "37"]
[EventDate "2012.01.15"]
[EventType "match"]
[EventCountry "FRA"]
[SourceDate "2011.11.20"]
[WhiteTeam "JEEN"]
[BlackTeam "Issy Moulineaux"]

1. e4 c5 2. Nf3 Nc6 3. d4 cxd4 4. Nxd4 Nf6 5. Nc3 e5 6. Ndb5 d6 7. Bg5 a6 8.
Bxf6 gxf6 9. Na3 Be6 10. Nc4 Rc8 11. Ne3 Bh6 12. Ned5 Rg8 13. Qh5 Rg6 14. Bd3
Nd4 15. h3 Kf8 16. O-O Kg7 17. f4 Qf8 18. f5 Rg5 19. Qd1 0-1

[Event "Nationale I "]
[Site "Paris"]
[Date "2012.01.15"]
[Round "7.7"]
[White "Stambul, Adam"]
[Black "Benbara, Brahim"]
[Result "1-0"]
[WhiteElo "2185"]
[BlackElo "2064"]
[PlyCount "61"]
[EventDate "2012.01.15"]
[EventType "match"]
[EventCountry "FRA"]
[SourceDate "2011.11.20"]
[WhiteTeam "Issy Moulineaux"]
[BlackTeam "JEEN"]

1. e4 c5 2. Nc3 Nc6 3. Bc4 e6 4. d3 Nf6 5. Bg5 Be7 6. Nge2 O-O 7. O-O d6 8. f4
h6 9. Bxf6 Bxf6 10. a4 Bd7 11. Qd2 Nd4 12. Ng3 a6 13. Nd1 b5 14. Ba2 b4 15. c3
b3 16. Bb1 Qa5 17. Ne3 Nc6 18. Qe2 Qc7 19. Qh5 Qa5 20. e5 g6 21. Qxh6 dxe5 22.
Nh5 Bh8 23. d4 e4 24. Bxe4 Rfe8 25. Ng4 Qd8 26. Ne5 Nxe5 27. fxe5 Qe7 28. Bxg6
fxg6 29. Qxg6+ Bg7 30. Nf6+ Kf8 31. Nxd7+ 1-0

[Event "Nationale I "]
[Site "Paris"]
[Date "2012.01.15"]
[Round "7.8"]
[White "Gatine, Aurelia"]
[Black "Esposito, Marie Christine"]
[Result "1/2-1/2"]
[WhiteElo "1950"]
[BlackElo "2087"]
[PlyCount "51"]
[EventDate "2012.01.15"]
[EventType "match"]
[EventCountry "FRA"]
[SourceDate "2011.11.20"]
[WhiteTeam "Issy Moulineaux"]
[BlackTeam "JEEN"]

1. e4 d6 2. d4 Nf6 3. Nc3 e5 4. Nf3 Nbd7 5. Be3 Be7 6. h3 O-O 7. Qd2 c6 8. g4
b5 9. g5 Ne8 10. O-O-O Qc7 11. Nh4 g6 12. f4 exf4 13. Bxf4 Ng7 14. Qh2 b4 15.
Ne2 Qa5 16. Kb1 Bxg5 17. Nf3 Bxf4 18. Qxf4 f5 19. e5 dxe5 20. dxe5 Re8 21. Qh6
Ne6 22. Ned4 Nxe5 23. Rg1 Nxf3 24. Rxg6+ hxg6 25. Qxg6+ Kf8 26. Qf6+ 1/2-1/2

[Event "Nationale I"]
[Site "Issy les Moulineaux"]
[Date "2012.01.14"]
[Round "6.1"]
[White "Coursaget, Nicolas"]
[Black "Roser, Kevin"]
[Result "0-1"]
[WhiteElo "2311"]
[BlackElo "2443"]
[PlyCount "178"]
[EventDate "2012.01.14"]
[EventType "match"]
[EventCountry "FRA"]
[SourceDate "2011.11.20"]
[WhiteTeam "Lisieux"]
[BlackTeam "Issy Moulineaux"]

1. d4 Nf6 2. c4 e6 3. g3 d5 4. Bg2 dxc4 5. Nf3 a6 6. Ne5 c5 7. Na3 cxd4 8.
Naxc4 Bc5 9. Nd3 Ba7 10. Bd2 Nd5 11. Nb4 O-O 12. O-O Nc6 13. Nxd5 exd5 14. Na3
Be6 15. Nc2 Re8 16. Nb4 Nxb4 17. Bxb4 $11 Bg4 18. Bf3 Bxf3 19. exf3 Qb6 20. Qd2
d3 21. Ba5 Qg6 22. Rfe1 h6 23. Kg2 Rac8 24. Rac1 Qf5 25. g4 Qg6 26. Rc3 Qd6 27.
Rxe8+ Rxe8 28. Rxd3 $11 Bb8 29. f4 Qg6 30. Qd1 Bxf4 31. Rxd5 Qe4+ 32. Qf3 Qxf3+
33. Kxf3 Bxh2 34. Rd7 b5 35. Bc7 Bxc7 36. Rxc7 Re6 37. Ra7 g6 38. b3 Kg7 39.
Kg3 g5 40. f3 Kg6 41. a4 bxa4 42. bxa4 f5 43. gxf5+ Kxf5 44. Rc7 h5 45. Rf7+
Rf6 46. Rc7 h4+ 47. Kg2 Rd6 48. Rf7+ Ke5 49. Re7+ Re6 50. Rc7 Kf4 51. Rf7+ Ke5
52. Rc7 Rd6 53. Re7+ $11 Kf6 54. Ra7 Rd2+ 55. Kg1 Ke5 56. Rxa6 Kf4 57. Rg6 Ra2
58. Rg8 Rxa4 59. Kg2 Ra2+ 60. Kg1 h3 61. Rg7 Ra3 62. Kh2 Rxf3 63. Ra7 Kg4 64.
Ra4+ Rf4 65. Ra3 Rf2+ 66. Kh1 Rb2 67. Ra4+ Kg3 68. Ra3+ Kh4 69. Ra4+ g4 70. Rc4
Re2 71. Ra4 Kg5 72. Ra8 Kf4 73. Rf8+ Kg3 74. Rf1 Rf2 75. Ra1 Kh4 76. Ra4 Kg5
77. Ra5+ Rf5 78. Ra3 Re5 79. Rb3 Kf4 80. Rb4+ Kf3 81. Rb3+ Re3 82. Rb1 Rd3 83.
Rf1+ Ke2 84. Rf6 g3 85. Re6+ Kf3 86. Re1 Rd2 87. Ra1 Kf2 88. Rf1+ Ke2 89. Rf2+
gxf2 0-1

[Event "Nationale I"]
[Site "Issy les Moulineaux"]
[Date "2012.01.14"]
[Round "6.2"]
[White "Cotonnec, Melkior"]
[Black "Colin, Vincent"]
[Result "1-0"]
[WhiteElo "2334"]
[BlackElo "2412"]
[PlyCount "69"]
[EventDate "2012.01.14"]
[EventType "match"]
[EventCountry "FRA"]
[SourceDate "2011.11.20"]
[WhiteTeam "Issy Moulineaux"]
[BlackTeam "Lisieux"]

1. d4 Nf6 2. c4 e6 3. Nf3 Bb4+ 4. Nbd2 O-O 5. a3 Be7 6. e4 d5 7. Bd3 c5 8. e5
Nfd7 9. cxd5 exd5 10. O-O Nc6 11. Re1 a5 12. Bc2 cxd4 13. Nb3 a4 14. Nbxd4 Nc5
15. h3 Re8 16. Be3 g6 17. Rc1 Qa5 18. Nxc6 bxc6 19. Nd4 Bd7 20. f4 Rab8 21. f5
Bf8 22. e6 fxe6 23. fxg6 e5 24. Qh5 Re7 25. gxh7+ Kh8 26. Bg5 Bg7 27. Bxe7 exd4
28. Bd6 Rd8 29. Be5 Ne6 30. Bxg7+ Nxg7 31. Qg5 Be6 32. Bb1 Re8 33. Bg6 Rf8 34.
Rf1 Rc8 35. Rxc6 1-0

[Event "Nationale I"]
[Site "Issy les Moulineaux"]
[Date "2012.01.14"]
[Round "6.3"]
[White "Marie, Maxime"]
[Black "Piankov, Evgenij"]
[Result "1/2-1/2"]
[WhiteElo "2140"]
[BlackElo "2362"]
[PlyCount "156"]
[EventDate "2012.01.14"]
[EventType "match"]
[EventCountry "FRA"]
[SourceDate "2011.11.20"]
[WhiteTeam "Lisieux"]
[BlackTeam "Issy Moulineaux"]

1. e4 c6 2. d4 d5 3. exd5 cxd5 4. c4 Nf6 5. Nc3 g6 6. Qb3 Bg7 7. cxd5 O-O 8. g3
Na6 9. Bg2 Qb6 10. Qxb6 axb6 11. Nge2 Nb4 12. O-O Rd8 13. d6 exd6 14. Bg5 h6
15. Bxf6 Bxf6 16. a3 Nc6 17. Nd5 Bg7 18. Nxb6 Rb8 19. Rfd1 Bg4 20. f3 Bf5 21.
Rac1 h5 22. Kf2 d5 23. Rc5 Be6 24. f4 Ne7 25. b4 Rd6 26. Rb5 Rbd8 27. a4 Bg4
28. Bf3 Bxf3 29. Kxf3 Nf5 30. a5 Re8 31. Nxd5 Rde6 32. Ndc3 Nxd4+ 33. Nxd4 Re3+
34. Kf2 Rxc3 35. Rd5 Ra3 36. Nf3 Bc3 37. Rd8 Ra2+ 38. Kg1 Kf8 39. Ng5 f6 40.
Nh7+ Kf7 41. R1d7+ Re7 42. Rxe7+ Kxe7 43. Rb8 b6 44. Rb7+ Kd8 45. axb6 Rb2 46.
Rb8+ Ke7 47. b7 Bd4+ 48. Kf1 Rxb4 49. Rg8 Ba7 50. Rg7+ Ke6 51. Rxg6 Rxb7 52.
Rxf6+ Kd5 53. Rf5+ Ke4 54. Re5+ Kf3 55. Ng5+ Kg4 56. Ne4 h4 57. Rg5+ Kf3 58.
Nd2+ Ke3 59. Nc4+ Kd4 60. Nd6 Rb1+ 61. Kg2 Rb2+ 62. Kh3 hxg3 63. hxg3 Bc5 64.
Nf5+ Ke4 65. Ng7 Bd4 66. Kg4 Rb3 67. Nh5 Rb7 68. Rg8 Re7 69. Rd8 Bc3 70. f5 Ba5
71. Nf6+ Ke5 72. Rd5+ Kxf6 73. Rxa5 Re4+ 74. Kf3 Rb4 75. g4 Kg5 76. f6+ Kxf6
77. Kg3 Rb1 78. Ra8 Rb4 1/2-1/2

[Event "Nationale I"]
[Site "Issy les Moulineaux"]
[Date "2012.01.14"]
[Round "6.4"]
[White "Houhou, Olivier"]
[Black "Decosse, Jean Fabien"]
[Result "1-0"]
[WhiteElo "2289"]
[BlackElo "2203"]
[PlyCount "65"]
[EventDate "2012.01.14"]
[EventType "match"]
[EventCountry "FRA"]
[SourceDate "2011.11.20"]
[WhiteTeam "Issy Moulineaux"]
[BlackTeam "Lisieux"]

1. e4 d6 2. d4 Nf6 3. Nc3 e5 4. Nf3 Nbd7 5. Bc4 Be7 6. O-O O-O 7. Re1 a6 8. a4
b6 9. Bg5 c6 10. Ba2 Rb8 11. Qe2 Bb7 12. Rad1 Qc7 13. dxe5 dxe5 14. Nh4 Nc5 15.
Nf5 Ne6 16. Bxe6 fxe6 17. Qc4 Kf7 18. Rd3 Rbd8 19. Rg3 Rg8 20. Rh3 Rh8 21. Rg3
Rhg8 22. h4 Bc8 23. h5 Kf8 24. Nxe7 Kxe7 25. h6 gxh6 26. Bxf6+ Kxf6 27. Ree3
Rg6 28. Qe2 Kg7 29. Qh5 Rf8 30. Ref3 Rxf3 31. Rxf3 Rg5 32. Qe8 Qd7 33. Qf8+ 1-0

[Event "Nationale I"]
[Site "Issy les Moulineaux"]
[Date "2012.01.14"]
[Round "6.5"]
[White "Le Borgne, Pierre"]
[Black "Wittmann, Marc"]
[Result "1-0"]
[WhiteElo "2201"]
[BlackElo "2213"]
[PlyCount "123"]
[EventDate "2012.01.14"]
[EventType "match"]
[EventCountry "FRA"]
[SourceDate "2011.11.20"]
[WhiteTeam "Lisieux"]
[BlackTeam "Issy Moulineaux"]

1. e4 e5 2. Nf3 Nc6 3. Bb5 a6 4. Bxc6 dxc6 5. O-O f6 6. d4 exd4 7. Nxd4 c5 8.
Ne2 Qxd1 9. Rxd1 Bd7 10. Nbc3 Ne7 11. Be3 b6 12. Nf4 O-O-O 13. f3 Nc6 14. Ncd5
Kb7 15. Rd2 f5 16. Rad1 Bd6 17. Nxc7 Bxf4 18. Bxf4 Bc8 19. Rxd8 Rxd8 20. Rxd8
Nxd8 21. Ne8 Ne6 22. Be5 fxe4 23. Nd6+ Kc7 24. fxe4 Bd7 25. Nf5+ Kd8 26. Bxg7
Nxg7 27. Nxg7 Bc6 28. e5 Ke7 29. Nh5 Ke6 30. Kf2 Kxe5 31. g3 Be4 32. c3 Bb1 33.
a3 Kd5 34. Ke3 Kc4 35. Kd2 b5 36. Nf4 b4 37. axb4 cxb4 38. cxb4 Kxb4 39. Ne6
Kc4 40. Nc7 a5 $11 41. Ne6 Bf5 42. Nf4 Bb1 43. Ne2 Kb3 44. Kc1 Be4 45. h4 a4
46. g4 h6 47. Nd4+ Kc4 48. Nf5 Bxf5 49. gxf5 Kd5 50. Kd2 Ke5 51. Kc3 Kxf5 52.
Kb4 Kg4 53. Kxa4 Kxh4 54. b4 Kg3 55. b5 h5 56. b6 h4 57. b7 h3 58. b8=Q+ Kg2
59. Qg8+ Kh1 60. Qd5+ Kg1 61. Qd4+ Kh1 62. Qf2 1-0